| 000 | 00458cam a2200193ua 4500 | ||
|---|---|---|---|
| 020 | _c3.50 | ||
| 041 |
_ahin _h |
||
| 082 |
_a891.54 _bUPE/DO |
||
| 100 | _aUpendra Nath, Ashk . | ||
| 245 |
_aDo dhara / _cUpendra Nath Ashk. _hTextual Documents |
||
| 250 |
_a2 / _b. |
||
| 260 |
_aPrayag : _bNeelab Prakashan , _c1954. |
||
| 300 | _a258 ; . | ||
| 365 | _a3.50 | ||
| 504 | _a | ||
| 700 | 1 | _aKousalya, Ashk . | |
| 942 | _cBK | ||
| 999 |
_c8235 _d8235 |
||